| 000 | 00840cam a2200229 4500 | ||
|---|---|---|---|
| 001 | ABS61322 | ||
| 008 | 000000n1999 000 0 eng u | ||
| 035 | _a(Sirsi) u101183 | ||
| 100 | _aMinogue, A. | ||
| 245 | 4 | _aThe third party way | |
| 260 | _c1999 | ||
| 490 |
_aBuilding _v(41) 15 October 1999, 64-65(2) |
||
| 520 | _aArgues that the Contracts (Rights of Third Parties) Bill brings opportunities for all sectors of the construction industry. Discusses what third party rights should be created under building contracts. | ||
| 590 | _aABS | ||
| 650 | _aCONTRACTS (RIGHTS OF THIRD PARTIES) BILL | ||
| 650 | _aTHIRD PARTY RIGHTS | ||
| 650 | _aCONSTRUCTION INDUSTRY | ||
| 650 | _aCONTRACTUAL RIGHTS | ||
| 650 | _aBUILT ENVIRONMENT-BUILDING CONTRACT FORMS | ||
| 690 | _aBUILT ENVIRONMENT-BUILDING CONTRACT FORMS | ||
| 942 | _n0 | ||
| 999 |
_c60346 _d60346 |
||